Szczegóły MARC21

Metoda Monte Carlo w bankowości : przykłady i zastosowania z wykorzystaniem arkusza kalkulacyjnego /

003 -Nazwa inst., której nr kontr. jest w polu 001 [,]
    • @
    • Nazwa instytucji, której n kontrolny jest w polu 001
    • NUKAT
005 -DATA I CZAS OSTATNIEJ MODYFIKACJI [,]
    • @
    • pole kontrolne
    • 20241231091829.0
020 -Międzynarod. znormalizowany nr książki - ISBN [ , ]
    • a
    • Numer ISBN
    • 8385946586 Find
040 -Instytucja sporządzająca opis [ , ]
    • a
    • Instytucja, która sporządziła opis (NP)
    • Ł U/un
    • c
    • Instytucja, która sporządziła rekord (NP)
    • Ł U/un
    • d
    • Instytucja, która zmodyfikowała rekord (P)
    • Ł U/MK
    • d
    • Instytucja, która zmodyfikowała rekord (P)
    • Ł U/uns
    • d
    • Instytucja, która zmodyfikowała rekord (P)
    • WA LAZ/JF
942 -Rodzaj dokumentu [ , ]
    • c
    • Rodzaj dokumentu
    • Książka
100 -Hasło główne - nazwa osobowa [1, ]
    • a
    • Nazwa osobowa (NP)
    • Chyliński, Andrzej.
    • 9
    • KHW
    • 16586
245 -Strefa tytułu i oznaczenia odpowiedzialności [1,0]
    • a
    • Tytuł
    • Metoda Monte Carlo w bankowości : Find
    • b
    • Ciąg dalszy tytułu (NP)
    • przykłady i zastosowania z wykorzystaniem arkusza kalkulacyjnego / Find
    • c
    • Pozostałe elementy strefy tytułu i oznaczenia odpowiedzialności (NP)
    • Andrzej Chyliński.
260 -Strefa adresu wydawniczego [ , ]
    • a
    • Miejsce wydania (P)
    • Warszawa :
    • b
    • Nazwa wydawcy (P)
    • "Twigger",
    • c
    • Data wydania (P)
    • 1999.
300 -Strefa opisu fizycznego [ , ]
    • a
    • Określenie formy książki i/lub objętość (NP)
    • 195 s. :
    • b
    • Oznaczenie ilustracji (NP)
    • il. ;
    • c
    • Format (NP)
    • 21 cm +
    • e
    • Oznaczenie dokumentu towarzyszącego (NP)
    • dyskietka.
336 -Typ zawartości [ , ]
    • a
    • Termin opisujący typ zawartości
    • Tekst
    • b
    • Kod określający zawartość
    • txt
    • 2
    • Źródło (terminu i kodu)
    • rdacontent
337 -Typ mediów [ , ]
    • a
    • Tryb odtwarzania
    • Bez urządzenia pośredniczącego
    • b
    • Kod typu mediów
    • n
    • 2
    • Źródło (terminu i kodu)
    • rdamedia
338 -Typ/rodzaj nośnika [ , ]
    • a
    • Hasło opisujące typ nośnika
    • Wolumin
    • b
    • Kod typu nośnika
    • nc
    • 2
    • Źródło (terminu i kodu)
    • rdacarrier
490 -Strefa serii i książki wielotomowej - forma nie do wyszukiwania [1, ]
    • a
    • Tytuł (P)
    • Biblioteka Bankowca Find
830 -Hasło dodatkowe serii i opisu książki wielotomowej - tytuł ujednolicony/tytuł [ ,0]
    • a
    • Tytuł ujednolicony/tytuł (NP)
    • Biblioteka Bankowca
    • 9
    • KHW
    • 9651
080 -Uniwersalna Klasyfikacja Dziesiętna [ , ]
    • 2
    • Identyfikator wydania tablic
    • UDC-P058
    • a
    • Symbol klasyfikacji
    • 336.717
    • 9
    • UKD
    • 3169
    • b
    • Dopowiedzenie
    • Transakcje bankowe. Operacje bankowe. Rachunki bankowe. Depozyty firm i międzybankowe. Rozliczenia pieniężne. Obrót rachunkowy. Obrót czekowy. Obrót żyrowy. Operacje wekslowe. Operacje dyskontowe.
    • 4
    • UKD2
    • 8782
    • x
    • Poddział wspólny
    • (036)
    • c
    • Dopowiedzenie poddz. wspólnego
    • (Przewodniki o charakterze praktycznym lub opisowym).
080 -Uniwersalna Klasyfikacja Dziesiętna [ , ]
    • 2
    • Identyfikator wydania tablic
    • UDC-P058
    • a
    • Symbol klasyfikacji
    • 519.24
    • 9
    • UKD
    • 4066
    • b
    • Dopowiedzenie
    • Specjalne zastosowania statystyki matematycznej. Aproksymacje stochastyczne. Metody Monte Carlo. Teoria masowej obsługi.
    • 4
    • UKD2
    • 8782
    • x
    • Poddział wspólny
    • (036)
    • c
    • Dopowiedzenie poddz. wspólnego
    • (Przewodniki o charakterze praktycznym lub opisowym).
080 -Uniwersalna Klasyfikacja Dziesiętna [ , ]
    • 2
    • Identyfikator wydania tablic
    • UDC-P058
    • a
    • Symbol klasyfikacji
    • 004.4
    • 9
    • UKD
    • 2062
    • b
    • Dopowiedzenie
    • Oprogramowanie.
    • 4
    • UKD2
    • 8782
    • x
    • Poddział wspólny
    • (036)
    • c
    • Dopowiedzenie poddz. wspólnego
    • (Przewodniki o charakterze praktycznym lub opisowym).
650 -Hasło przedmiotowe [ ,7]
    • a
    • Hasło przedmiotowe
    • Banki
    • x
    • Określnik rzeczowy
    • informatyka.
    • 2
    • Źródło terminu
    • kaba
    • 9
    • KHW
    • 102393
650 -Hasło przedmiotowe [ ,7]
    • a
    • Hasło przedmiotowe
    • Metoda Monte Carlo (matematyka)
    • x
    • Określnik rzeczowy
    • oprogramowanie.
    • 2
    • Źródło terminu
    • kaba
    • 9
    • KHW
    • 381846
980 -Symbol UKD [ , ]
    • a
    • UKD
    • 336.717:519.2:004.4](036)
710 -Hasło dodatkowe - nazwa ciała zbiorowego [2, ]
    • a
    • Nazwa ciała zbiorowego lub nazwa geograficzna jako pierwszy element (NP)
    • Twigger.
    • 4
    • Kod relacji
    • pbl
    • 9
    • KHW
    • 77668
920 -ISBN [ , ]
    • a
    • ISBN
    • 83-85946-58-6 Find
Lokalizacja Data inwentaryzacji Status udost. Numer inwentarzowy Sygnatura
BSA2002-03-191SA.11245SA.11245
T2008-03-17-3T.9928